[Event "Bangkok Big Rook op"]
[Site "Bangkok"]
[Date "2023.05.07"]
[Round "6"]
[White "Chiravanich, Pathee"]
[Black "Chao, Tzu Yi Anderson"]
[Result "1-0"]
[WhiteElo "1569"]
[BlackElo "1312"]
[PlyCount "71"]
[EventDate "2023.05.04"]
[EventType "swiss"]
[EventRounds "7"]
[EventCountry "THA"]
[SourceTitle "CBM 214 Extra"]
[Source "ChessBase"]
[SourceDate "2023.07.31"]
[SourceVersion "1"]
[SourceVersionDate "2023.07.31"]
[SourceQuality "1"]

1. d4 Nf6 2. Bg5 e6 3. e4 h6 4. Bxf6 Qxf6 5. Nf3 d6 6. c3 c5 7. Bd3 Qd8 8. Nbd2 Be7 9. 0-0 0-0 10. Re1 Nd7 11. e5 Rb8 12. Nf1 b5 13. Ne3 b4 14. Bc2 Ba6 15. Qd2 Qa5 16. Ng4 h5 17. exd6 hxg4 18. dxe7 Rfe8 19. Ne5 bxc3 20. bxc3 Qc7 21. Nxg4 Rxe7 22. Qg5 Rbe8 23. d5 Qd6 24. dxe6 Rxe6 25. Rxe6 Qxe6 26. h3 f6 27. Qh4 f5 28. Ne3 Qe5 29. Bb3+ Kf8 30. Qh5 c4 31. Nxc4 Bxc4 32. Bxc4 Qf6 33. Rd1 Ne5 34. Bb5 Re7 35. Rd8+ Re8 36. Rxe8# 1-0